[Event "Wloclawek CC Classic 07th"]
[Site "Wloclawek"]
[Date "2013.??.??"]
[Round "3"]
[White "Cichocki, Konrad"]
[Black "Maslankowski, Adam"]
[Result "1-0"]
[WhiteElo "1958"]
[BlackElo "1400"]
[PlyCount "61"]
[EventDate "2013.04.??"]
[EventType "swiss"]
[EventRounds "7"]
[EventCountry "POL"]
[SourceTitle "EXT 2021"]
[Source "ChessBase"]
[SourceDate "2020.10.23"]
[SourceVersion "1"]
[SourceVersionDate "2020.10.23"]
[SourceQuality "1"]

1. e4 c5 2. Nc3 Nc6 3. Bc4 Nf6 4. d3 g6 5. Be3 Bg7 6. Bxc5 d6 7. Be3 0-0 8. f4 a6 9. Nf3 Ng4 10. Qd2 b5 11. Bd5 Bb7 12. a3 e6 13. Ba2 Qd7 14. 0-0 Rac8 15. h3 Nxe3 16. Qxe3 Nd8 17. d4 Re8 18. Rae1 Nc6 19. Qd3 Qc7 20. Kh1 Qb6 21. Ne2 d5 22. exd5 exd5 23. Bxd5 Nxd4 24. Bxf7+ Kxf7 25. Nexd4 Bxf3 26. Nxf3 Bxb2 27. Qb3+ Kf8 28. Qxb2 Qd6 29. Qh8+ Kf7 30. Qxh7+ Kf8 31. Ng5 1-0

[Event "Wloclawek-ch"]
[Site "Wloclawek"]
[Date "2013.??.??"]
[Round "9"]
[White "Maslankowski, Adam"]
[Black "Matusiak, Marcin"]
[Result "0-1"]
[WhiteElo "1400"]
[BlackElo "1654"]
[PlyCount "46"]
[EventDate "2013.09.??"]
[EventType "swiss"]
[EventRounds "9"]
[EventCountry "POL"]
[SourceTitle "EXT 2021"]
[Source "ChessBase"]
[SourceDate "2020.10.23"]
[SourceVersion "1"]
[SourceVersionDate "2020.10.23"]
[SourceQuality "1"]

1. e4 e6 2. d4 d5 3. exd5 exd5 4. Nf3 Bd6 5. Bd3 Ne7 6. 0-0 0-0 7. Nc3 c6 8. Bg5 f6 9. Bh4 Qc7 10. Bg3 Nf5 11. Bxf5 Bxf5 12. Nh4 Be6 13. Bxd6 Qxd6 14. Qf3 Nd7 15. Nf5 Bxf5 16. Qxf5 Nb6 17. Rfe1 Rfe8 18. Ne2 Re7 19. Ng3 Rae8 20. Kf1 Qb4 21. Rxe7 Rxe7 22. b3 Qxd4 23. Ne2 Qxa1+ 0-1

[Event "Wloclawek CC Classic 08th"]
[Site "Wloclawek"]
[Date "2013.??.??"]
[Round "3"]
[White "Maslankowski, Adam"]
[Black "Matusiak, Wieslaw"]
[Result "0-1"]
[WhiteElo "1400"]
[BlackElo "1000"]
[PlyCount "80"]
[EventDate "2013.06.??"]
[EventType "swiss"]
[EventRounds "7"]
[EventCountry "POL"]
[SourceTitle "EXT 2021"]
[Source "ChessBase"]
[SourceDate "2020.10.23"]
[SourceVersion "1"]
[SourceVersionDate "2020.10.23"]
[SourceQuality "1"]

1. e4 c6 2. Nf3 d5 3. exd5 cxd5 4. Bb5+ Nc6 5. Nc3 Nf6 6. 0-0 Bd7 7. d3 e6 8. a3 a6 9. Bxc6 Bxc6 10. Bf4 Bd6 11. Ne5 Qc7 12. d4 Nd7 13. Qe2 0-0 14. Nxc6 bxc6 15. Bxd6 Qxd6 16. h3 Nf6 17. Qe5 Qxe5 18. dxe5 Nd7 19. Rfe1 Rab8 20. b4 Nb6 21. Nd1 Nc4 22. f4 f6 23. Ne3 Nxe3 24. Rxe3 fxe5 25. Rxe5 Rf6 26. g3 Re8 27. Rae1 Kf7 28. Kg2 g6 29. h4 h5 30. c3 Rf5 31. Rxf5+ gxf5 32. Kf3 Rd8 33. Rd1 Rc8 34. Ra1 Kf6 35. Ke3 e5 36. fxe5+ Kxe5 37. Re1 Kf6 38. Kf4 Rg8 39. Re5 Rg4+ 40. Kf3 Kxe5 0-1

[Event "Wloclawek CC Classic 07th"]
[Site "Wloclawek"]
[Date "2013.??.??"]
[Round "5"]
[White "Oborski, Zbigniew"]
[Black "Maslankowski, Adam"]
[Result "1-0"]
[WhiteElo "1400"]
[BlackElo "1400"]
[PlyCount "89"]
[EventDate "2013.04.??"]
[EventType "swiss"]
[EventRounds "7"]
[EventCountry "POL"]
[SourceTitle "EXT 2021"]
[Source "ChessBase"]
[SourceDate "2020.10.23"]
[SourceVersion "1"]
[SourceVersionDate "2020.10.23"]
[SourceQuality "1"]

1. d4 d5 2. Bf4 Nc6 3. e3 Nf6 4. Bd3 Be6 5. Nf3 g6 6. Nc3 Bg7 7. Ng5 Bg4 8. Be2 Bxe2 9. Qxe2 0-0 10. Nb5 a6 11. Nc3 Nh5 12. Qf3 Nb4 13. Rc1 e6 14. a3 Nc6 15. 0-0 Bf6 16. Nh3 Na5 17. Bh6 Bg7 18. Bxg7 Kxg7 19. b3 Qd6 20. Nb1 Nf6 21. Rfe1 Ne4 22. a4 Qc6 23. Qf4 f5 24. f3 Nc3 25. Nxc3 Qxc3 26. Qe5+ Rf6 27. Nf4 Qc6 28. Red1 Qd7 29. Rd3 Nc6 30. Nxe6+ Qxe6 31. Qxc7+ Qe7 32. Qg3 Re6 33. Re1 Qf6 34. f4 Rae8 35. c3 b5 36. Kf2 h5 37. h4 b4 38. c4 Na5 39. cxd5 Rd6 40. Rc1 Rxd5 41. Rc5 Rxc5 42. dxc5 Rc8 43. Rd7+ Kh6 44. Qg5+ Qxg5 45. hxg5# 1-0

[Event "Wloclawek CC Classic 08th"]
[Site "Wloclawek"]
[Date "2013.??.??"]
[Round "7"]
[White "Oborski, Zbigniew"]
[Black "Maslankowski, Adam"]
[Result "1-0"]
[WhiteElo "1400"]
[BlackElo "1400"]
[PlyCount "83"]
[EventDate "2013.06.??"]
[EventType "swiss"]
[EventRounds "7"]
[EventCountry "POL"]
[SourceTitle "EXT 2021"]
[Source "ChessBase"]
[SourceDate "2020.10.23"]
[SourceVersion "1"]
[SourceVersionDate "2020.10.23"]
[SourceQuality "1"]

1. d4 d5 2. Bf4 Nc6 3. e3 Nf6 4. Bd3 g6 5. Ne2 Bg7 6. 0-0 0-0 7. Nbc3 Bg4 8. f3 Bh5 9. Ng3 Qd7 10. Nb5 a6 11. Nc3 Nb4 12. Nxh5 Nxh5 13. a3 Nxd3 14. Qxd3 Nxf4 15. exf4 c6 16. Rae1 e6 17. Ne2 Qd6 18. c3 Bh6 19. Qd2 f5 20. Qe3 Rfe8 21. Qe5 Rad8 22. g3 Bg7 23. Qxd6 Rxd6 24. Nc1 b5 25. Re2 Rd7 26. Rfe1 Rde7 27. Nd3 Kf7 28. Nb4 a5 29. Nxc6 Rc7 30. Nxa5 Ra7 31. Nc6 Rc7 32. Rxe6 Rxe6 33. Nd8+ Ke7 34. Nxe6 Rd7 35. Nxg7+ Kf7 36. Ne8 Kf8 37. Re5 Rb7 38. Nd6 Rb6 39. Nc8 Rc6 40. Ne7 Rd6 41. Nxd5 Kf7 42. Nc7 1-0

[Event "Wloclawek CC Classic 06th"]
[Site "Wloclawek"]
[Date "2013.??.??"]
[Round "5"]
[White "Orlowski, Kuba"]
[Black "Maslankowski, Adam"]
[Result "0-1"]
[WhiteElo "1000"]
[BlackElo "1400"]
[PlyCount "32"]
[EventDate "2013.03.??"]
[EventType "swiss"]
[EventRounds "7"]
[EventCountry "POL"]
[SourceTitle "EXT 2021"]
[Source "ChessBase"]
[SourceDate "2020.10.23"]
[SourceVersion "1"]
[SourceVersionDate "2020.10.23"]
[SourceQuality "1"]

1. e4 c5 2. Nf3 Nc6 3. d3 g6 4. b3 Bg7 5. Bb2 Bxb2 6. Nc3 Bxc3+ 7. Ke2 Bxa1 8. Qxa1 Nf6 9. g3 d6 10. Bg2 Bg4 11. Rg1 Nd4+ 12. Ke3 Nxc2+ 13. Ke2 Nxa1 14. Rxa1 Bxf3+ 15. Bxf3 0-0 16. g4 Qd7 0-1

[Event "Wloclawek-ch"]
[Site "Wloclawek"]
[Date "2013.??.??"]
[Round "2"]
[White "Rafalski, Kacper"]
[Black "Maslankowski, Adam"]
[Result "1-0"]
[WhiteElo "1600"]
[BlackElo "1400"]
[PlyCount "93"]
[EventDate "2013.09.??"]
[EventType "swiss"]
[EventRounds "9"]
[EventCountry "POL"]
[SourceTitle "EXT 2021"]
[Source "ChessBase"]
[SourceDate "2020.10.23"]
[SourceVersion "1"]
[SourceVersionDate "2020.10.23"]
[SourceQuality "1"]

1. e4 c5 2. Nf3 d6 3. d4 cxd4 4. Nxd4 g6 5. Be3 Bg7 6. Nc3 Nf6 7. Bc4 0-0 8. Qd2 Bd7 9. 0-0-0 a6 10. Bh6 b5 11. Bxg7 Kxg7 12. Bd3 Nc6 13. Nxc6 Bxc6 14. a3 Rc8 15. f3 Qb6 16. Kb1 Rc7 17. Nd5 Nxd5 18. exd5 Bxd5 19. Bxb5 Bxf3 20. gxf3 Qxb5 21. Qd4+ f6 22. Rhe1 Re8 23. Re6 Qc5 24. Qxc5 Rxc5 25. Rdxd6 exd6 26. Rxe8 Rf5 27. Re6 Rxf3 28. Rxd6 Rf1+ 29. Ka2 Rf2 30. c4 Rxh2 31. Rd1 Rh5 32. Rc1 Rc5 33. b4 Rc8 34. a4 f5 35. b5 axb5 36. axb5 f4 37. b6 g5 38. c5 f3 39. c6 f2 40. b7 Rf8 41. c7 f1Q 42. Rxf1 Rxf1 43. c8Q Rf2+ 44. Kb3 Rf3+ 45. Qc3+ Rxc3+ 46. Kxc3 g4 47. b8Q 1-0

[Event "Wloclawek CC Classic 05th"]
[Site "Wloclawek"]
[Date "2012.??.??"]
[Round "3"]
[White "Maslankowski, Adam"]
[Black "Lyczko, Piotr"]
[Result "0-1"]
[WhiteElo "1200"]
[BlackElo "1200"]
[PlyCount "56"]
[EventDate "2012.06.??"]
[EventType "swiss"]
[EventRounds "7"]
[EventCountry "POL"]
[SourceTitle "EXT 2021"]
[Source "ChessBase"]
[SourceDate "2020.10.23"]
[SourceVersion "1"]
[SourceVersionDate "2020.10.23"]
[SourceQuality "1"]

1. e4 c5 2. Nf3 d6 3. d4 cxd4 4. Nxd4 Nf6 5. Nc3 a6 6. Bd3 e6 7. 0-0 Be7 8. Bg5 Nbd7 9. h3 0-0 10. Qf3 Ne5 11. Qg3 h6 12. Bxh6 Ng6 13. e5 dxe5 14. Bxg6 fxg6 15. Qxg6 Rf7 16. Rae1 Qxd4 17. Re3 Bf8 18. Rd1 Qh4 19. Bg5 Qh5 20. Qxh5 Nxh5 21. Rxe5 Nf4 22. Rd8 Rd7 23. g3 Nxh3+ 24. Kg2 Nxg5 25. Rxd7 Bxd7 26. Rxg5 Bc6+ 27. Kh3 Rd8 28. Rg6 Kf7 0-1

[Event "Wloclawek CC Classic 05th"]
[Site "Wloclawek"]
[Date "2012.??.??"]
[Round "7"]
[White "Maslankowski, Adam"]
[Black "Matusiak, Marcin"]
[Result "0-1"]
[WhiteElo "1200"]
[BlackElo "1600"]
[PlyCount "54"]
[EventDate "2012.06.??"]
[EventType "swiss"]
[EventRounds "7"]
[EventCountry "POL"]
[SourceTitle "EXT 2021"]
[Source "ChessBase"]
[SourceDate "2020.10.23"]
[SourceVersion "1"]
[SourceVersionDate "2020.10.23"]
[SourceQuality "1"]

1. e4 e6 2. Nf3 c5 3. Nc3 d6 4. Be2 Ne7 5. 0-0 Ng6 6. d3 Nc6 7. Be3 Be7 8. h3 d5 9. exd5 exd5 10. Na4 d4 11. Bc1 b5 12. Nxc5 Bxc5 13. b3 0-0 14. Bb2 Re8 15. Re1 Bb4 16. Nd2 Bd7 17. a3 Bxd2 18. Qxd2 Qc7 19. Bf3 Rxe1+ 20. Rxe1 Rd8 21. Bxc6 Bxc6 22. Qg5 Qd6 23. Re7 Qxe7 24. Qxe7 Nxe7 25. Bc1 Rc8 26. Bg5 f6 27. Bf4 Bd7 0-1

[Event "Wloclawek CC Classic 03rd"]
[Site "Wloclawek"]
[Date "2012.??.??"]
[Round "4"]
[White "Matusiak, Marcin"]
[Black "Maslankowski, Adam"]
[Result "1-0"]
[WhiteElo "1000"]
[BlackElo "1000"]
[PlyCount "89"]
[EventDate "2012.02.??"]
[EventType "swiss"]
[EventRounds "7"]
[EventCountry "POL"]
[SourceTitle "EXT 2021"]
[Source "ChessBase"]
[SourceDate "2020.10.23"]
[SourceVersion "1"]
[SourceVersionDate "2020.10.23"]
[SourceQuality "1"]

1. e4 c5 2. Nf3 Nc6 3. d4 cxd4 4. Nxd4 g6 5. Nc3 Nxd4 6. Qxd4 Nf6 7. Bg5 Bg7 8. Bd3 0-0 9. 0-0 d5 10. Bxf6 Bxf6 11. e5 Bg5 12. Qxd5 e6 13. Qe4 f5 14. exf6 Qxf6 15. Rfe1 Qxf2+ 16. Kh1 Rf4 17. Rf1 Qxf1+ 18. Rxf1 Rxe4 19. Bxe4 e5 20. Bd5+ Kg7 21. Rf7+ Kg8 22. Rxb7+ Kh8 23. Rxh7+ Kxh7 24. Bxa8 Bf5 25. Be4 Be6 26. Kg1 Kg7 27. Kf2 Kf6 28. Nd5+ Bxd5 29. Bxd5 Kf5 30. Kf3 Bf4 31. g3 Bc1 32. b3 Bb2 33. c4 Ba3 34. g4+ Kg5 35. h3 Kh4 36. Bf7 g5 37. Be6 Bd6 38. Ke4 Kxh3 39. Kd5 Kg3 40. Kxd6 e4 41. Bf5 e3 42. Bd3 Kf3 43. c5 e2 44. Bxe2+ Kxe2 45. c6 1-0

[Event "Wloclawek CC Classic 03rd"]
[Site "Wloclawek"]
[Date "2012.??.??"]
[Round "2"]
[White "Wasilewska, Kornelia"]
[Black "Maslankowski, Adam"]
[Result "0-1"]
[WhiteElo "1000"]
[BlackElo "1000"]
[PlyCount "76"]
[EventDate "2012.02.??"]
[EventType "swiss"]
[EventRounds "7"]
[EventCountry "POL"]
[SourceTitle "EXT 2021"]
[Source "ChessBase"]
[SourceDate "2020.10.23"]
[SourceVersion "1"]
[SourceVersionDate "2020.10.23"]
[SourceQuality "1"]

1. e4 c5 2. Nc3 d6 3. Nf3 Nc6 4. g3 g6 5. Bg2 Bg7 6. 0-0 Nf6 7. d3 Bd7 8. b3 0-0 9. a4 b6 10. Re1 h5 11. Nd5 e6 12. Nxf6+ Bxf6 13. Bg5 Kg7 14. Qd2 Qc7 15. c4 Bxa1 16. Rxa1 f6 17. Bf4 e5 18. Bh6+ Kg8 19. Bxf8 Kxf8 20. Qh6+ Kf7 21. Nh4 g5 22. Ng6 Be8 23. Qxh5 Kg7 24. Qg4 Bxg6 25. Qe6 Qe7 26. Bh3 Bf7 27. Qf5 Be6 28. Qf3 Bxh3 29. Re1 Nd4 30. Qd1 Rh8 31. Re3 Qe6 32. Kh1 Bg4 33. Qb1 Bf3+ 34. Kg1 Qh3 35. Qf1 Ne2+ 36. Rxe2 Bxe2 37. Qxe2 Qxh2+ 38. Kf1 Qh1# 0-1